| 000 | 00393nam a2200157Ia 4500 | ||
|---|---|---|---|
| 008 | 230312s9999||||xx |||||||||||||| ||und|| | ||
| 020 | _a81-317-1000-5 | ||
| 082 |
_a621.382 _bPRO-D |
||
| 100 | _aProakis;John,G | ||
| 245 | 0 | _aDigital Signal Processing | |
| 260 |
_bPearson _aIndia _c2013 |
||
| 300 | _a1136 | ||
| 546 | _aEng. | ||
| 650 |
_aEngineering _vDigital Signal Processing |
||
| 942 | _cBK | ||
| 999 |
_c9498 _d9498 |
||